Introducción a la Matemática numérica / (Record no. 148031)

MARC details
000 -LEADER
campo de control de longitud fija 00597nam a2200169 4500
001 - NÚMERO DE CONTROL
campo de control 148031
003 - IDENTIFICADOR DE NÚMERO DE CONTROL
campo de control ES-MaACL
005 - FECHA Y HORA DE LA ÚLTIMA TRANSACCIÓN
campo de control 20230906202406.0
007 - CAMPO FIJO DE DESCRIPCIÓN FÍSICA--INFORMACIÓN GENERAL
campo de control de longitud fija t|
008 - DATOS DE LONGITUD FIJA--INFORMACIÓN GENERAL
campo de control de longitud fija 070214s1966 sp r ||||1| spa d
100 1# - ENTRADA PRINCIPAL--NOMBRE DE PERSONA
Nombre de persona Stiefel, Eduard.
9 (RLIN) 108206
245 10 - MENCIÓN DEL TÍTULO
Título Introducción a la Matemática numérica /
Mención de responsabilidad, etc. Eduard Stiefel ; traducción de la tercera edición alemana ampliada por el Dr. Miguel Jerez Juan.
260 ## - PUBLICACIÓN, DISTRIBUCIÓN, ETC.
Lugar de publicación, distribución, etc. Barcelona [etc.] :
Nombre del editor, distribuidor, etc. Labor,
Fecha de publicación, distribución, etc. 1966 (
Fabricante Tall. Iberoamericanos)
300 ## - DESCRIPCIÓN FÍSICA
Extensión XV, 308 p. ;
Dimensiones 23 cm.
700 1# - ENTRADA AGREGADA--NOMBRE PERSONAL
Nombre de persona Jerez Juan, Miguel.
9 (RLIN) 66335
852 ## - LOCALIZACIÓN
Ubicación ES-MaACL
Número de control de estantería C-31073
Sublocalización o colección R.61478
Holdings
Estatus retirado Estado de pérdida Estado de daño No para préstamo Biblioteca de origen Biblioteca actual Ubicación en estantería Fecha de adquisición Fuente de adquisición Total de préstamos Signatura topográfica completa Código de barras Visto por última vez Precio de reemplazo Tipo de ítem Koha
        Biblioteca del Ateneo de Madrid Biblioteca del Ateneo de Madrid Depósito 2 17/01/2008     C-31073 1154486 23/02/2023 23/02/2023 Libro impreso